Les métros avec le plus de stations - Statistiques

Statistiques générales
  • Ce quiz a été pris 19 fois
  • Le résultat moyen est 9 sur 26
Statistiques - réponses
Par images Hint Réponse % Correct
🚇 321 🌍 France Paris
94%
🚇 272 🌍 Royaume-Uni Londres
88%
🚇 409 🌍 USA New York
88%
🚇 424 🌍 Chine Beijing
82%
🚇 242 🌍 Espagne Madrid
76%
🚇 337 🌍 Corée du Sud Séoul
76%
🚇 409 🌍 Chine Shanghai
71%
🚇 175 🌍 Allemagne Berlin
65%
🚇 235 🌍 Russie Moscou
65%
🚇 232 🌍 Inde Delhi
41%
🚇 147 🌍 Turquie Istanbul
41%
🚇 146 🌍 USA Chicago
35%
🚇 163 🌍 Mexique Mexico City
29%
🚇 296 🌍 Chine Chengdu
12%
🚇 254 🌍 Chine Hangzhou
12%
🚇 312 🌍 Chine Wuhan
12%
🚇 263 🌍 Chine Chongqing
6%
🚇 276 🌍 Chine Guangzhou
6%
🚇 172 🌍 Chine Qingdao
6%
🚇 319 🌍 Chine Shenzen
6%
🚇 204 🌍 Chine Suzhou
6%
🚇 204 🌍 Chine Tianjin
6%
🚇 232 🌍 Chine Xi'an
6%
🚇 184 🌍 Chine Hefei
0%
🚇 212 🌍 Chine Nanjing
0%
🚇 233 🌍 Chine Zhengzhou
0%
Aucun quiz correspondant
Distribution des résultats
% des personnes avec chaque résultat
Percentile par nombre de réponses
Votre historique - résultats
Vous n’avez pas pris ce quiz